Allgemeinwissen - Quiz #1 (einfach) - Statistiken

Allgemein
  • Dieses Quiz wurde 166 mal gespielt
  • Das Durchschnittsergebnis liegt bei 12 aus 15
Antwortstatistiken
Frage Antwort % Korrekt
In welchem Jahr fiel die Berliner Mauer? 1989
98%
Was ist die chemische Formel für Wasser? H2O
95%
Wer malte die berühmte "Mona Lisa"? Leonardo da Vinci
93%
Wie heißt der höchste Berg der Welt? Mount Everest
93%
Wieviele Bundesländer hat Deutschland? 16
91%
Was ist der Fachbegriff für die Lehre von Pflanzen? Botanik
91%
Wer war der erste Bundeskanzler der Bundesrepublik Deutschland? Konrad Adenauer
88%
Welches Element hat die chemische Abkürzung "O"? Sauerstoff
88%
Was ist die Hauptstadt von Australien? Canberra
84%
Welches Säugetier kann fliegen? Fledermaus
77%
Welches Land wird als "Land der aufgehenden Sonne" bezeichnet? Japan
70%
Welches ist das längste Fließgewässer der Welt? Nil
67%
Wer komponierte die 9. Sinfonie mit der "Ode an die Freude"? Ludwig van Beethoven
53%
In welchem Jahr fand die erste bemannte Mondlandung statt? 1969
51%
Wie viele Zeitzonen gibt es weltweit ungefähr? 24
47%
Keine übereinstimmenden Quizze gefunden
Verteilung der Resultate
Anzahl Personen mit jedem Resultat
Perzentil nach korrekt beantworteten Fragen
Ihre Resultats-Entwicklung
Sie haben dieses Quiz noch nicht gespielt